| 000 | 01323nam a2200265Ia 4500 | ||
|---|---|---|---|
| 999 |
_c4989 _d4989 |
||
| 003 | OSt | ||
| 005 | 20200423141422.0 | ||
| 008 | 191128s1998 ck ab gr 000 0dspa d | ||
| 020 | _a9586017826 | ||
| 040 |
_aCO-JMCR _cCO-JMCR |
||
| 041 | 0 | _aspa | |
| 082 | 0 | 4 |
_a303.69 / _bD419p |
| 110 | 1 |
_aDepartamento Nacional de Planeación _91612 |
|
| 245 | 1 | 3 |
_aLa paz : _bel desafío para el desarrollo / _cDepartamento Nacional de Planeación |
| 250 | _aPrimera edición | ||
| 260 |
_aBogotá : _bDepartamento Nacional de Planeación : Tercer Mundo, _c1998 |
||
| 300 |
_axvii, 250 páginas : _bmapas a color ; _c23 cm. |
||
| 490 | 0 | _aEconomía colombiana | |
| 504 | _aBibliografía: página 237-250. | ||
| 505 | _aPaz elemento fundamental del desarrollo -- Un esbozo de la sociedad colombiana frente a la violencia -- La violencia y las variables sociales -- Mirada económica -- La globalización -- Los temas estratégicos de la violencia política -- La doble agenda de | ||
| 520 | _aLa violencia y su base económica, la inequidad, amenazan la viabilidad política y social de Colombia. El explosivo aumento de todas las formas de violencia ha impuesto un sobrecosto insoportable sobre el desarrollo económico. | ||
| 650 | 1 | 4 |
_aLuchas sociales Paz _93443 |
| 650 | 2 | 4 |
_aViolencia Homicidios _93444 |
| 942 |
_2ddc _cBK |
||